|
|
|
|
| LEADER |
00781nta a2200217 i 4500 |
| 001 |
dokt7675 |
| 005 |
20221004085623.0 |
| 008 |
221004s1978 hu om 0|| hun d |
| 040 |
|
|
|a SZTE Doktori Repozitórium
|b hun
|
| 041 |
|
|
|a hun
|
| 100 |
1 |
|
|a Kiss György Botond
|
| 245 |
1 |
0 |
|a Nitrátredukcióban hibás Rhizobium meliloti mutánsok genetikai és biokémiai jellemzése
|h [elektronikus dokumentum] /
|c Kiss György Botond
|
| 260 |
|
|
|c 1978
|
| 502 |
|
|
|a Disszertacio
|
| 650 |
|
4 |
|a biológiai tudományok
|
| 650 |
|
4 |
|a Természettudományok
|
| 650 |
|
4 |
|a Biológiai tudományok
|
| 650 |
|
4 |
|a Genetika és örökléstan
|
| 695 |
|
|
|a Genetika
|
| 700 |
1 |
|
|a Kondorosi Ádám
|e ths
|
| 856 |
4 |
0 |
|u https://doktori.bibl.u-szeged.hu/id/eprint/7675/1/1978_kiss_gyorgy_botond.pdf
|z Dokumentum-elérés
|